| 000 | 00759nam a2200265Ia 4500 | ||
|---|---|---|---|
| 003 | OSt | ||
| 005 | 20220918111901.0 | ||
| 006 | a|||||r|||| 00| 0 | ||
| 007 | ta | ||
| 008 | 220915b |||||||| |||| 00| 0 eng d | ||
| 024 | _a29857 | ||
| 037 | _cTextbook | ||
| 040 |
_beng _aARTS _cARTS |
||
| 041 | _aeng | ||
| 082 | _aO111,1M88:g, K9;3 (EO) | ||
| 100 |
_aEliot T S _910925 |
||
| 245 | 0 | _aFour quarters : a case book ed. by Bernard Bergozi | |
| 260 |
_aLondon _bMacmillan UK |
||
| 300 |
_a269p. _ccm. |
||
| 490 | _aCase book series | ||
| 650 | _aENGLISH LITERATURE | ||
| 700 |
_a Bergonzi Bernard Ed. _910926 |
||
| 942 |
_hO111,1M88:g, K9;3 (EO) _cTB _2CC |
||
| 999 |
_c116970 _d116970 |
||